000 00651nam a2200241Ia 4500
003 OSt
005 20220918213410.0
006 a|||||r|||| 00| 0
007 ta
008 220917b |||||||| |||| 00| 0 eng d
024 _a132,504
037 _cTextual
040 _aARTS
_cARTS
_beng
041 _2eng
_aeng
082 _aX:89M, L8
100 _aTeller Richard D
_9126793
245 0 _aOperation management
_b fundamental concepts and methods
260 _aNew York
_bHaper and Row
_c1978
300 _axiii,396p.
_ccm.
650 _aECONOMICS
942 _hX:89M, L8
_cTEXL
_2CC
999 _c255615
_d255615